Modelovanie dynamických spojitých systémov na číslicovom počítači : Habil.práca /

Salvato in:
Dettagli Bibliografici
Autore principale: Neuschl, Štefan (Autore)
Natura: Manoscritto Libro
Pubblicazione: Bratislava : SVŠT v Bratislave EF, 1969
Tags: Aggiungi Tag
Nessun Tag, puoi essere il primo ad aggiungerne!!

MARC

LEADER 00000ntm a22000003a 4500
001 stu7291
005 20150617225808.9
008 ------s1969----------------------------d
040 |a STU  |b slo 
041 0
100 1 |a Neuschl, Štefan  |4 aut 
245 1 |a Modelovanie dynamických spojitých systémov na číslicovom počítači :  |b Habil.práca /  |c [aut.] Neuschl,řtefan, Ing. CSc 
260 |a Bratislava :  |b SVŠT v Bratislave EF,  |c 1969 
300 |a 177 s 
996 |b 284ED00957  |c E*HABIL-25  |l EE01  |s A  |a 24  |w stu7291_0001